LEADER 01344nam a2200289 u 4500 001 000000026598 003 CaOOAMICUS 005 20070226111608.0 008 951104s1981 gw cf u000 u ger u 035 $a10687314 040 $aPUL(R)$bita 100 1 $aZimmermann, Albert.$0(OLS)http://pul/name/332 245 10$aAlbert der Grosse :$bseine Zeit, sein Werk, seine Wirkung /$cherausgegeben von Albert Zimmermann für den Druck besorgt von Gudrun Vuillemin-Diem. 260 $aBerlin :$bW. de Gruyter,$c1981. 300 $aviii, 293 p., [8] p. di tav. :$bill. ;$c25 cm 490 1 $aMiscellanea mediaevalia ;$vBd. 14 500 $aContiene contributi alle 22. Giornate medievistiche, Köln, 3.-6. settembre 1980. 504 $aBibliografia in nota. 700 1 $aVuillemin-Diem, Gudrun.$0(OLS)http://pul/name/857 700 1 $aZimmermann, Albert,$d1928-$0(OLS)http://pul/name/856 830 0$aMiscellanea mediaevalia ;$vBd. 14.$0(OLS)http://pul/title/407 850 $aPUL 852 $aPUL$W1$xSL Filosofia 1$y2$m105 F 14$j37150$nBK-PRI$b $qStampati$B37150$CPULBib$Z2$F37150 $H $81 941 1 $a8 961 $aINV: 49313 996 $6245$aAlbert der Grosse :$bseine Zeit, sein Werk, seine Wirkung$9(OLS)http://pul/title/36485 996 $6260$aBerlin :$bW. de Gruyter$9(OLS)http://pul/publisher/48032 LEADER 01327nam a2200301 a 4500 001 000000149531 003 CaOOAMICUS 005 20160219112020.0 008 160219s2015 it u000 u ita r 020 $a978-88-6512-411-6* 032 $aLibriCat 040 $aPUL$bita 082 04$a262 100 1 $aFrati, Alessandro,$d1976-$0(OLS)http://pul/name/68658 245 12$aL'ufficio diocesano per i beni culturali :$bprofili storico-normativi, competenze e problematiche attuali /$cAlessandro Frati. 260 $aVenezia :$bMarcianum Press,$c©2015. 300 $a191 p. ;$c21 cm. 504 $aBibliografia p. 183-191. 650 4$aDiocesi$zItalia.$0(OLS)http://pul/subject/13249 650 4$aBeni culturali$xTutela$zSanta Sede.$0(OLS)http://pul/subject/35380 850 $aPUL 852 $aPUL$W1$xSL Religione 3$y85$m262 FRAAL 1$j172187$qDDC 21$B173811$CPULBib$Z2$F173811 $H127257 $81 941 1 $a9 996 $6020$a978-88-6512-411-6*$9(OLS)http://pul/number/159772 996 $6082$a262$9(OLS)http://pul/classification/438 996 $6245$aL'ufficio diocesano per i beni culturali :$bprofili storico-normativi, competenze e problematiche attuali$9(OLS)http://pul/title/188526 996 $6260$aVenezia :$bMarcianum Press$9(OLS)http://pul/publisher/79046